| 000 | 00000nas 2200000zi 4500 |
| 001 | 9.936669 |
| 003 | CaOODSP |
| 005 | 20240418110745 |
| 006 | m o d f |
| 007 | cr ||||||||||| |
| 008 | 240411d19421967abc x m ot f0###|0eng|d |
| 040 | |aCaOODSP|beng|erda|cCaOODSP |
| 043 | |an-cn-ab |
| 086 | 1 |aDR52-16E-PDF |
| 130 | 0 |aSuffield report (1942) |
| 245 | 10|aSuffield report / |cExperimental Station. |
| 264 | 1|aSuffield, Alberta : |bExperimental Station, |c[1942?]-[1967?] |
| 310 | |aIrregular |
| 336 | |atext|btxt|2rdacontent |
| 337 | |acomputer|bc|2rdamedia |
| 338 | |aonline resource|bcr|2rdacarrier |
| 500 | |aDigitized edition from print [produced by Defence Research and Development Canada]. |
| 588 | |aDescription based on: no. 17 (8th June, 1942); title from PDF caption. |
| 588 | |aLatest issue consulted: no. 121 (3rd November 1944). |
| 650 | 0|aMilitary research|zAlberta|zSuffield. |
| 650 | 6|aRecherche militaire|zAlberta|zSuffield. |
| 710 | 2 |aSuffield Experimental Station, |eissuing body. |